| 000 | 00930nam a22002655a 4500 | ||
|---|---|---|---|
| 999 |
_c26788 _d26788 |
||
| 005 | 20181129170820.0 | ||
| 008 | 090218s2009 ii 000 0 eng | ||
| 010 | _aENG-93709 | ||
| 020 |
_a8185353530 _c350.00 |
||
| 035 | _aEN-77242, B-159652 | ||
| 035 | _aB-361114-120, B-159628, B-159650 | ||
| 037 | _bDBAD / PUB | ||
| 037 | _bPUB | ||
| 040 |
_adpl _bEnglish |
||
| 082 | _a305.8948 | ||
| 100 | _aJotwani, Motilal | ||
| 245 |
_aThe Sindhis: _bthrough the centuries / _cby Motilal Jotwani; foreword by L.K. Advani |
||
| 260 |
_aNew Delhi _bAditya Books _c2006 |
||
| 270 |
_a119, Vinobapuri, Lajpat Nagar-II, _bNew Delhi _e110024 |
||
| 300 |
_a166p. _c23cm(Hb) |
||
| 500 | _aIncludes bibliographical references | ||
| 700 | _aAdvani, L.K. | ||
| 942 |
_2ddc _cEN _mJOT _h305.8948 |
||